| 000 | 00420nam a22001457a 4500 | ||
|---|---|---|---|
| 005 | 20151207152244.0 | ||
| 008 | 151207b xxu||||| |||| 00| 0 eng d | ||
| 040 | _cPK-LaUMT | ||
| 082 |
_aMSC 928.91439 _bSAA-I |
||
| 100 | _aسعادت سعید | ||
| 245 |
_aاقبال ایک ثقافتی تناظر _cسعادت سعید |
||
| 260 |
_aلاہور _bدستاویز مطبوعات _c1998 |
||
| 300 | _a112 ص | ||
| 942 | _cBK | ||
| 999 |
_c80659 _d80659 |
||